Music Quiz

Random Music or Country Music Quiz

Line by Line: Son of a Preacher Man Quiz Stats

 Plays Quiz Updated Jun 18, 2019

Score 0/46 Timer 03:00
3 Plays Today
% Correct
100%
99.8%
99.8%
99.8%
99.8%
99.8%
He was the sweet-talkin' son of a preacher man
96.4%
Was the sweet-talkin' son of a preacher man
96.1%
Was the son of a preacher man
96.1%
Was the son of a preacher man
96.1%
Was the son of a preacher man
96.1%
Was the son of a preacher man
96.1%
Was the son of a preacher man
96.1%
Was the son of a preacher man
96.1%
Was the son of a preacher man
96.1%
Billy Ray was a preacher's son
94.2%
Yes he was, he was, ooh, yes he was
91.1%
Yes he was, he was, ooh, yes he was
91.1%
Yes he was, he was, ooh, yes he was
91.1%
The only boy who could ever teach me
90.6%
The only boy who could ever teach me
90.6%
The only boy who could ever teach me
90.6%
The only one who could ever reach me
90.4%
% Correct
The only one who could ever reach me
90.4%
The only one who could ever reach me
90.4%
(The only boy who could ever teach me)
89.9%
(The only one who could ever reach me)
89.6%
Stealin' kisses from me on the sly
87.8%
When he started sweet-talkin' to me
85.7%
The look that was in his eyes
85.6%
That's when Billy would take me walkin'
85.2%
And when his daddy would visit he'd come along
84.2%
When they gathered around and started talkin'
81.9%
He'd kiss and tell me 'Everything is all right'
81.9%
He'd come'n tell me 'Everything is all right'
80.8%
Lookin' to see how much we've grown and
74.5%
Lord knows, to my surprise
70.4%
No matter how hard I try
70.1%
Tellin' me that he's all mine
69.8%
How well I remember
68.2%
Can I get away again tonight?
67.2%
Then he'd look into my eyes
65.5%
Takin' time to make time
58.5%
Out through the back yard we'd go walkin'
51%
Learnin' from each other's knowin'
35.2%
Bein' good isn't always easy
26.7%

You're not logged in!

Compare scores with friends on all Sporcle quizzes.
OR
Log In

Sporcle TV

Today on Sporcle TV


Watch our educational content, quiz creation guides, and fun videos on Sporcle TV.

Show Comments

Extras

Top Quizzes Today


Score Distribution

Your Account Isn't Verified!

In order to create a playlist on Sporcle, you need to verify the email address you used during registration. Go to your Sporcle Settings to finish the process.

Report this User

Report this user for behavior that violates our Community Guidelines.

Details: